| 000 | 00957aam a2200313 i 4500 | ||
|---|---|---|---|
| 001 | 768714001 | ||
| 003 | CO-MdFUSB | ||
| 005 | 20250515171906.0 | ||
| 007 | ta | ||
| 008 | 250515t1991 -us |||| |||| 00| 0 spa d | ||
| 020 | _a0-311-42089-3 | ||
| 040 | _cCO-MdFUSB | ||
| 041 | 0 | _aspa | |
| 082 | 0 | 4 |
_223 _a248.11 _bK422s |
| 100 | 1 |
_aKesler, Jay _eautor |
|
| 240 | _aBeing holy, being human | ||
| 245 | 1 | 0 |
_aSanto y Humano : _bcómo enfrentar las demandas del ministerio pastoral _c/ Jay Kesler ; traducido por Nelda Bedford de Gaydou |
| 264 | 1 |
_bCasa Bautista de Publicaciones, _aEl Paso, TX., USA : _c[1991] |
|
| 264 | 4 | _c©1991 | |
| 300 | _a156 páginas | ||
| 336 |
_atexto _btxt _2rdacontent |
||
| 337 |
_2rdamedia _asin mediación _bn |
||
| 338 |
_2rdacarrier _avolumen _bnc |
||
| 563 | _aRústico | ||
| 650 | 7 |
_aTeología pastoral _9227 |
|
| 700 |
_aGaydou, Nelda Bedford _911079 _etraductor |
||
| 942 | _cBK | ||
| 945 | _aJTF-925 | ||
| 999 |
_c35856 _d35856 |
||